000 02051nam0a2200385 4500
001 RU\NLR\bibl\1422449
005 20250615214956.0
010 _a978-5-89428-378-4
_9500
021 _aRU
_b2009-62624
_93860
035 _a(nilc)RSL-KNO-004366741
035 _a(NLR Aleph) 001414387
090 _a1302762
_c1302762
100 _a20090724d2009 |||y0rusy50 ca
101 0 _arus
_aeng
102 _aRU
105 _aa |||||||||
200 1 _aАнглийский язык для средних профессиональных учебных заведений (негуманитраные профили)
_eучебное пособие
_fИ.Е. Высотова, Ю.А. Зеремская, И.С. Медникова, Н.В. Полякова
_gФедер. агентство по образованию, Гос. образоват. учреждение высш. проф. образования Том. гос. пед. ун-т
210 _aТомск
_cИзд-во Томского государственного педагогического университета
_d2009
215 _a130 с.
_cил.
_d21
320 _aБиблиогр.: с. 129 (8 назв.)
606 1 _aАнглийский язык
_jУчебные издания для среднего профессионального образования
_9972309
_3RU\NLR\auth\6646032
686 _aШ143.21-922.3
_2rubbk
686 _aШ143.21-93рус227
701 1 _aВысотова
_bИ. Е.
_gИрина Евгеньевна
_4070
701 1 _4070
_aЗеремская
_bЮ. А.
_cканд. филол. наук
_gЮлия Александровна
_9190593
_3RU\NLR\AUTH\770190644
701 1 _aМедникова
_bИ. С.
_gИрина Сергеевна
_4070
701 1 _aПолякова
_bН. В.
_gНаталья Владимировна
_4070
801 0 _aRU
_bРКП
_c20090724
_grcr
801 1 _aRU
_bРГБ
_c20090724
801 2 _aRU
_bNLR
_c20091012
_grcr
830 _aавт. по кн.
942 _cBOOK
980 _aNB